|
|
|
|
| LEADER |
00000nam0a2200000 4500 |
| 001 |
269565 |
| 005 |
20231101234251.0 |
| 020 |
|
|
|a RU
|b 86-18176
|
| 035 |
|
|
|a (RuTPU)RU\TPU\book\292742
|
| 090 |
|
|
|a 269565
|
| 100 |
|
|
|a 20140919d1986 km y0rusy5003 ca
|
| 101 |
0 |
|
|a rus
|
| 102 |
|
|
|a RU
|
| 105 |
|
|
|a a z 001zy
|
| 200 |
1 |
|
|a Проектирование планетарных механизмов транспортных машин
|f В. И. Красненьков, А. Д. Вашец
|
| 210 |
|
|
|a Москва
|c Машиностроение
|d 1986
|
| 215 |
|
|
|a 271 с.
|c ил.
|d 22 см
|
| 320 |
|
|
|a Библиогр.: с. 271 (16 назв.)
|
| 606 |
1 |
|
|a Транспортные машины
|x Проектирование планетарных механизмов
|2 stltpush
|3 (RuTPU)RU\TPU\subj\61336
|9 78534
|
| 610 |
1 |
|
|a планетарные передачи
|
| 610 |
1 |
|
|a синтез
|
| 610 |
1 |
|
|a графоаналитические методы
|
| 610 |
1 |
|
|a схемы
|
| 610 |
1 |
|
|a угловые скорости
|
| 610 |
1 |
|
|a план
|
| 610 |
1 |
|
|a применение
|
| 610 |
1 |
|
|a выбор
|
| 610 |
1 |
|
|a автоматизация
|
| 610 |
1 |
|
|a гусеничные машины
|
| 610 |
1 |
|
|a механизмы поворота
|
| 675 |
|
|
|a 629.1
|z rus
|v 3
|
| 700 |
|
1 |
|a Красненьков
|b В. И.
|g Всеволод Иванович
|4 070
|
| 701 |
|
1 |
|a Вашец
|b А. Д.
|g Александр Дмитриевич
|4 070
|
| 801 |
|
0 |
|a RU
|b RuMRKP
|c 19950704
|g psbo
|
| 801 |
|
1 |
|a RU
|b 63413507
|c 20140919
|
| 801 |
|
2 |
|a RU
|b 63413507
|c 20161201
|g RCR
|
| 942 |
|
|
|c BK
|